| Tag |
First Indicator |
Second Indicator |
Subfields |
| LEADER |
00000cam a2200000Ma 4500 |
| 001 |
in00003545488 |
| 006 |
m o d |
| 007 |
cr nn||||||||| |
| 008 |
121227s1996 ne o 000 0 eng d |
| 005 |
20260422220616.4 |
| 020 |
|
|
|a 9789400915961 (electronic bk.)
|
| 020 |
|
|
|a 9400915969 (electronic bk.)
|
| 035 |
|
|
|a (OCoLC)840304628
|
| 040 |
|
|
|a I9W
|b eng
|e pn
|c I9W
|d OCLCO
|d UV0
|d OCLCO
|d OCLCQ
|d GW5XE
|d OCLCF
|d UtOrBLW
|
| 049 |
|
|
|a TXAM
|
| 050 |
|
4 |
|a GE300-350
|
| 082 |
0 |
4 |
|a 333.7
|2 23
|
| 100 |
1 |
|
|a Reijnders, Lucas.
|
| 245 |
1 |
0 |
|a Environmentally Improved Production Processes and Products: An Introduction /
|c by Lucas Reijnders.
|
| 264 |
|
1 |
|a Dordrecht :
|b Springer Netherlands,
|c 1996.
|
| 300 |
|
|
|a 1 online resource (112 pages)
|
| 336 |
|
|
|a text
|b txt
|2 rdacontent
|
| 337 |
|
|
|a computer
|b c
|2 rdamedia
|
| 338 |
|
|
|a online resource
|b cr
|2 rdacarrier
|
| 490 |
1 |
|
|a Environment & Management, 0926-9711 ;
|v 6
|
| 520 |
|
|
|a <Em>Environmentally Improved Production Processes and Products</em> introduces students at institutes of higher education, company management, civil servants, professional designers and process engineers to the field of environmentally oriented product and process improvement. The book deals with improvements that are integrated into processes and products. It differs from other books currently available in that it covers both production <em>and</em> products. It is also different because both social/economic and technical aspects of the improvement of products and production processes are dealt with, rather than the more usual focus either on technical or on social and/or economic aspects. Another characteristic is the wide range of production processes and products covered, ranging from bakeries to olive growing, from nuclear power plants to glues, from office chairs to breweries, and from television sets to steel plants. Geographical coverage ranges from Sweden to China and from India to Italy and the USA.
|
| 500 |
|
|
|a Electronic resource.
|
| 650 |
|
0 |
|a Environmental sciences.
|
| 650 |
|
0 |
|a Renewable energy sources.
|
| 650 |
|
0 |
|a Environmental management.
|
| 650 |
|
7 |
|a Environmental management.
|2 fast
|0 (OCoLC)fst00913186
|
| 650 |
|
7 |
|a Environmental sciences.
|2 fast
|0 (OCoLC)fst00913474
|
| 650 |
|
7 |
|a Renewable energy sources.
|2 fast
|0 (OCoLC)fst01094570
|
| 655 |
|
7 |
|a Electronic books.
|2 local
|
| 710 |
2 |
|
|a SpringerLink (Online service)
|
| 830 |
|
0 |
|a Environment & management ;
|v 6.
|
| 856 |
4 |
0 |
|u http://proxy.library.tamu.edu/login?url=https://link.springer.com/10.1007/978-94-009-1596-1
|z Connect to the full text of this electronic book
|t 0
|
| 994 |
|
|
|a 92
|b TXA
|
| 999 |
|
|
|a MARS
|
| 999 |
f |
f |
|s 96ed15d1-72a9-3d21-8172-08ad28b2760d
|i e17f7b88-5d9e-3176-aa09-52fa79114f72
|t 0
|
| 952 |
f |
f |
|a Texas A&M University
|b College Station
|c Electronic Resources
|s www_evans
|d Available Online
|t 0
|e GE300-350
|h Library of Congress classification
|
| 998 |
f |
f |
|a GE300-350
|t 0
|l Available Online
|